| 000 | 00510cam a22001812 4500 | ||
|---|---|---|---|
| 001 | 0000025180 | ||
| 005 | 20151217145953.0 | ||
| 008 | 150213s xx 000 0 eng d | ||
| 020 | _a0237517132 : | ||
| 040 |
_aKABU _cKABU |
||
| 100 | 1 |
_aWilliams, Aidan. _@0000185638 |
|
| 245 | 1 | 0 |
_aRevising mine boy : _ba study guide / _cby Aidan Williams. |
| 260 |
_aNairobi : _bEvans brothers., _c1996. |
||
| 300 | _a80 p. | ||
| 908 | _a150213 | ||
| 950 | _@1 | ||
| 999 |
_c4634 _d4634 |
||